00623nam a22002177a 4500003000400000005001700004008004100021010001300062035001300075037001600088040001500104082001300119100002400132245007700156260003400233270004400267300002500311500001900336650003000355650002000385dpl20180526170358.0180526b xxu||||| |||| 00| 0 eng d aA-722248 aA-722248 bCen Lib/Ret aDPLbENc0 a954bWHE aWheeler, J. Talboys aThe annals of ancient, medieval and modern India/cby J. Talboys Wheeler aDelhibS. K. Publishersc1988 aO-IV. 15, Lajpat NagarbDelhi e1100024 axvi, 271p.c21cm(Hb) aIncludes index aDeccan (India) -- History aIndia -- Deccan